000 00463nam a2200193Ia 4500
008 210210b1929 xxu||||| |||| 00| 0 eng d
041 _aeng
082 _a825/686
100 _aQUILLER (COUCH A)
245 _aStudies in literature III series
260 _aCambridge
_bAt the University Press
_c1929
650 _aStudies
650 _aseries
650 _aliterature
650 _ain
650 _aIII
690 _aEnglish Criticism
906 _a015002
999 _c134232
_d134232